Ortografia- U czy Ó? - Statystyki

Ogólne statystyki
  • Ten quiz został rozwiązany 2 628 razy
    2 625 od ostatniego zresetowania
  • Średni wynik to 21 z 25
Statystyki odpowiedzi
Zagadnienie Odpowiedź % Poprawnych
S_jka Ó
99%
P_nkt_alny U - U
98%
Kom_rka Ó
97%
L_dob_jstwo U - Ó
97%
K_lt_ra U - U
97%
W og_le Ó
96%
Br_dny U
95%
Destr_kcja U
95%
Przek_pstwo U
94%
_akt_alniać U - U
94%
P_łk_la Ó - U
93%
Res_blimacja U
93%
Gżegż_łka Ó
92%
Wsp_ła_torka Ó - U
92%
Przep_klina U
92%
Sk_pisko U
91%
Bezg_ście U
86%
Skr_p_latny U - U
85%
P_łgł_wek Ó - Ó
84%
C_r_sia Ó - U
79%
Sk_wka U
72%
Pr_chno Ó
70%
Wsk_rać Ó
65%
Obsk_rny U
40%
Pr_szyć Ó
39%
Nie znaleziono quizów pasujących do podanych kryteriów
Rozkład punktacji
Procent ludzi z każdym wynikiem
Percentyl według liczby udzielonych odpowiedzi
Twoja historia wyników
Nie rozwiązałeś tego quizu od ostatniego zresetowania